00866nam a2200253 i 4500001001000000003000900010005001700019007000300036008004100039020001800080040003000098041000800128082002400136100005100160245009100211264007400302300002800376336002700404337003300431338002800464500007100492650002200563650002700585000043245DO-SdBNP20250131095805.0ta100804s2010 dr r 000 f spa d a9789945870732 aDO-SdBNPbspacBNPHUerda aspa 4aRD863.44bT266v2221 aTejada Holguín, Ramón,d1961-eautor4aut.13aLa verdadera historia de la mujer que era incapaz de amar /cRamón Tejada Holguín. 4aSanto Domingo :bDirección General de la Feria del Libro ,c©2010. a140 páginas ;c23 cm. ardacontentbtexto2txt ardamediabsin mediación2n ardacarrierbvolumen2nc aIncluye datos biográficos del autor en la solapa de la cubierta. 4aNovela dominicana 4aLiteratura dominicana.